000 00870cam a22003011 4500
001 15069
003 BD-RjUL
005 20211208235738.0
008 140209s1963 xx 001 0 eng
035 _a(BD-RjUL)15123
035 _a(OCoLC)697415
040 _aDLC
_cPPi
_dDLC
_dBD-RjUL
_beng
041 _aeng
082 _a657.64
_bCAA
100 1 _aCashin, James A.
_946924
245 0 0 _aAuditing /
250 _a2d ed.
260 _aNew York :
_bRonald Press Co. ;
_c1963.
300 _avi, 851 p. ;
_c24 cm.
500 _a1948 ed. by Thomas W. Byrnes, K. Lanneau Baker, and C. Aubrey Smith.
504 _aIncludes index.
650 0 _aAuditing.
_923295
700 1 _aOwens, Garland Chester,
_ejoint author.
_946925
700 1 _aByrnes, Thomas William,
_d1880-
_tAuditing.
_946926
942 _2ddc
_cBK
999 _c15069
_d15069